| 000 | 00569nam a2200181Ia 4500 | ||
|---|---|---|---|
| 001 | 9258 | ||
| 005 | 20260306160710.0 | ||
| 008 | 260306t1993||||xx |||||||||||||| ||spa|| | ||
| 041 | _aESP | ||
| 082 |
_a378.007 _bM84 |
||
| 100 |
_aMontes Iturrizaga, Iván _eAUT |
||
| 245 | 0 |
_aEl ingreso a las universidades peruanas: _bsistemas de admisión a las universidades peruanas: los métodos de selección y el condicionamiento a la educación secundaria |
|
| 260 | _c1993 | ||
| 300 |
_a72 páginas : _c20 cm. |
||
| 650 | _aGEN | ||
| 654 | _aCED | ||
| 942 |
_cLIB _dJUS _fJUS _2ddc _n |
||
| 999 |
_c9258 _d9258 |
||